Анализ мощных электромагнитных помех природного и техногенного характера, средств их измерения и защит РЭА, ВТ и ЭС (Запись № 1281300)

Подробности
000 -МАРКЕР
контрольное поле 03057nam0a2200409 4500
001 - ИДЕНТИФИКАТОР ЗАПИСИ
контрольное поле RU\NLR\bibl\1131311
005 - ИДЕНТИФИКАТОР ВЕРСИИ
контрольное поле 20250615071444.0
021 ## - НОМЕР ГОСУДАРСТВЕННОЙ РЕГИСТРАЦИИ
Код страны Российская Федерация
Номер 2007-54912
Номер Листа государственной регистраци 2918
035 ## - ДРУГИЕ СИСТЕМНЫЕ НОМЕРА
Идентификатор записи (nilc)RSL-KNO-003157782
035 ## - ДРУГИЕ СИСТЕМНЫЕ НОМЕРА
Идентификатор записи (NLR Aleph) 001118221
100 ## - ДАННЫЕ ОБЩЕЙ ОБРАБОТКИ
Данные общей обработки 20070821d2007 |||y0rusy50 ca
101 0# - ЯЗЫК РЕСУРСА
Язык текста, звукозаписи и т.д. русский
102 ## - СТРАНА ПУБЛИКАЦИИ ИЛИ ПРОИЗВОДСТВА
Страна публикации Российская Федерация
105 ## - ПОЛЕ КОДИРОВАННЫХ ДАННЫХ: ТЕКСТОВЫЕ МАТЕРИАЛЫ, МОНОГРАФИЧЕСКИЕ
Кодированные данные о монографическом текстовом документе a zzzz|||||
200 1# - ЗАГЛАВИЕ И СВЕДЕНИЯ ОБ ОТВЕТСТВЕННОСТИ
Основное заглавие Анализ мощных электромагнитных помех природного и техногенного характера, средств их измерения и защит РЭА, ВТ и ЭС
Сведения, относящиеся к заглавию учебное пособие
Первые сведения об ответственности А. И. Агафонов
Последующие сведения об ответственности Федеральное агентство по образованию, Гос. образовательное учреждение высш. проф. образования "Пензенский гос. ун-т"
210 ## - ПУБЛИКАЦИЯ, РАСПРОСТРАНЕНИЕ И ДР.
Место издания, распространения и т.д. Пенза
Имя издателя, распространителя и т. д. Пензенский гос. ун-т
Дата издания, распространения и т.д. 2007
215 ## - ФИЗИЧЕСКАЯ ХАРАКТЕРИСТИКА
Специфическое обозначение материала и объем 33, [2] с.
Другие сведения о физической характеристике ил., табл.
Размеры 20
313 ## - ПРИМЕЧАНИЯ, ОТНОСЯЩИЕСЯ К ТЕМАТИЧЕСКОМУ ДОСТУПУ
Текст примечания ЭС - электроэнергетические системы
320 ## - ПРИМЕЧАНИЯ О НАЛИЧИИ В ДОКУМЕНТЕ БИБЛИОГРАФИИ / УКАЗАТЕЛЯ
Текст примечания Библиогр. в конце кн.
606 1# - НАИМЕНОВАНИЕ ТЕМЫ КАК ПРЕДМЕТ
Наименование темы Радиоэлектронная аппаратура
Формальный подзаголовок Учебные издания для высших учебных заведений
Тематический подзаголовок Защита от электроманитного излучения
Системный номер авторитетной/нормативной записи 2029346
Идентификатор авторитетной/нормативной записи RU\NLR\auth\66934646
606 1# - НАИМЕНОВАНИЕ ТЕМЫ КАК ПРЕДМЕТ
Наименование темы Вычислительная техника
Формальный подзаголовок Учебные издания для высших учебных заведений
Тематический подзаголовок Защита от электромагнитных излучений
Системный номер авторитетной/нормативной записи 2487189
Идентификатор авторитетной/нормативной записи RU\NLR\auth\661476040
606 1# - НАИМЕНОВАНИЕ ТЕМЫ КАК ПРЕДМЕТ
Наименование темы Электрооборудование
Формальный подзаголовок Учебные издания для высших учебных заведений
Тематический подзаголовок Защита от электромагнитных излучений
Системный номер авторитетной/нормативной записи 2487191
Идентификатор авторитетной/нормативной записи RU\NLR\auth\661476041
610 0# - НЕКОНТРОЛИРУЕМЫЕ ПРЕДМЕТНЫЕ ТЕРМИНЫ
Предметный термин Энергетика -- Электроэнергетика. Электротехника -- Электрические (энергетические) системы -- Электрические станции -- Электрооборудование электрических станций -- Грозозащитные устройства. Защита от перенапряжений -- Учебник для высшей школы
610 0# - НЕКОНТРОЛИРУЕМЫЕ ПРЕДМЕТНЫЕ ТЕРМИНЫ
Предметный термин Радиоэлектроника -- Радиотехника -- Теоретические основы радиотехники -- Теория радиотехнических цепей и систем -- Помехи (шумы) -- Учебник для высшей школы
686 ## - ИНДЕКСЫ ДРУГИХ КЛАССИФИКАЦИЙ
Индекс З277.13я73-1
Код системы
686 ## - ИНДЕКСЫ ДРУГИХ КЛАССИФИКАЦИЙ
Индекс З841-017я73-1
Код системы
686 ## - ИНДЕКСЫ ДРУГИХ КЛАССИФИКАЦИЙ
Индекс З844-019.8я73-1
686 ## - ИНДЕКСЫ ДРУГИХ КЛАССИФИКАЦИЙ
Индекс З97-019.8я73-1
686 ## - ИНДЕКСЫ ДРУГИХ КЛАССИФИКАЦИЙ
Индекс З26-012я73-1
700 #1 - ИМЯ ЛИЦА - ПЕРВИЧНАЯ ОТВЕТСТВЕННОСТЬ
Начальный элемент ввода Агафонов
Часть имени, кроме начального элемента ввода А. И.
Расширение инициалов личного имени Анатолий Иванович
Код отношения Автор
801 #0 - ИСТОЧНИК ЗАПИСИ
Страна Российская Федерация
Организация РКП
Дата составления 20070821
Правила каталогизации rcr
801 #1 - ИСТОЧНИК ЗАПИСИ
Страна Российская Федерация
Организация РГБ
Дата составления 20070821
801 #2 - ИСТОЧНИК ЗАПИСИ
Страна Российская Федерация
Организация NLR
Дата составления 20070921
Правила каталогизации rcr
942 ## - ДОПОЛНИТЕЛЬНЫЕ ЭЛЕМЕНТЫ ЗАПИСИ (АБИС)
Тип экземпляра АБИС Книга
980 ## - КОЛЛЕКЦИЯ
Название коллекции Национальная библиография
Экземпляры
Тип экземпляра Дата поступления Источник поступления Библиотека постоянного хранения Библиотека текущего хранения Место хранения Шифр хранения Штрих-код Статус экземпляра
Книга 21.09.2007 Обязательный экземпляр РНБ (Московский) РНБ (Московский) Русский книжный фонд: издания с 1957 года 2007-4/16046 2511182  
Книга 21.09.2007 Обязательный экземпляр РНБ (Московский) РНБ (Московский) Русский книжный фонд: издания с 1957 года 2007-4/16046 2511183